Documentación
Gardado en:
| Formato: | Texto |
|---|---|
| Publicado: |
Madrid:
M.A.P.A
|
| Materias: | |
| Etiquetas: |
Engadir etiqueta
Sen Etiquetas, Sexa o primeiro en etiquetar este rexistro!
|
MARC
| LEADER | 00000 a a2200000 04500 | ||
|---|---|---|---|
| 001 | 28924 | ||
| 003 | |||
| 040 | |||
| 090 | |a 148722 | ||
| 245 | |a Documentación | ||
| 260 | |a Madrid: |b M.A.P.A | ||
| 300 | |a p. irreg; vol 2 | ||
| 650 | |a DESARROLLO RURAL | ||
| 650 | |a MODELO ECONOMICO | ||
| 650 | |a DESIGUALDAD RURAL URBANA | ||
| 999 | |c 6954 |d 6954 | ||
